01121cam a2200241 a 450000100100000000500170001000800410002702000150006802000150008304000290009808200210012710000420014824501720019026001670036230000330052949000510056265000470061365000330066065000350069365100650072860000350079383000510082800001261220200929163039.0890217s1988 ck a b 000 0dspa  a9586430170 a9586430189 aDO-SdBNPbspacLCdBNPHU a322.10941bP654d1 aPinilla Cote, Alfonso María,d1919-10aDel Vaticano a la Nueva Granada :bla internunciatura de monseñor Cayetano Baluffi en Bogotá 1837-1842 primera en hispanoamérica /cAlfonso María Pinilla Cote. aBogotá :bFundación para la Conmemoración del Bicentenario del Natalicio y el Sesquicentenario de la Muerte del General Francisco de Paula Santander,c1988. aliv, 418 p. :bil. ;c25 cm.1 aBiblioteca de la Presidencia de la República 4aSantander, francisco de paula,d1792-1840. 4aIglesia y estado en colombia 4aDiplomaciaxHistoriazColombia 4aColombiaxRelaciones Exteriores Con La Santa Sedey1837-184214aBALUFFI, CAYETANO,d1788-1866. 0aBiblioteca de la Presidencia de la República